000 00539nam a2200181 4500
001 121955
003 ES-MaACL
005 20250916063050.0
007 t|
008 070214s1999 sp r ||||1| spa d
100 1 _aPosada, Adolfo,
_d1860-1944
_993316
245 1 0 _aTratado de Derecho Político /
_cAdolfo Posada.
250 _a3ª. ed. rev.
260 _aMadrid :
_b[s.n.],
_c1923 (
_fSobrinos de la Suc. de M. Minuesa de los Ríos)
300 _a2 v. ;
_c20 cm.
852 _aES-MaACL
_jB-4006-07
999 _c121955
_d121955